Predikčné modely ako nástroj na hodnotenie finančného zdravia účtovnej jednotky bakalárska práca

Salvato in:
Dettagli Bibliografici
Autore principale: Ilčíková, Sabina
Ente Autore: Fakulta hospodárskej informatiky EU. Katedra účtovníctva a audítorstva
Altri autori: Blahušiaková, Miriama, 1980-
Natura: Libro
Lingua:slovacco
Pubblicazione: Bratislava 2021
Tags: Aggiungi Tag
Nessun Tag, puoi essere il primo ad aggiungerne!!

MARC

LEADER 00000nbm a2200000 4500
001 0276197
005 20220322141406.8
041 0 |a slo 
044 |a SK 
245 1 0 |a Predikčné modely ako nástroj na hodnotenie finančného zdravia účtovnej jednotky  |b bakalárska práca  |c Sabina Ilčíková ; školiteľ: Miriama Blahušiaková 
264 1 |a Bratislava  |c 2021 
300 |a 37 s. 
100 1 |a Ilčíková, Sabina 
700 1 |a Blahušiaková, Miriama, 1980- 
710 2 |a Fakulta hospodárskej informatiky EU. Katedra účtovníctva a audítorstva